| 000 | 01784nam2a2200253 i 4500 | ||
|---|---|---|---|
| 001 | RU\NLR\BIBL_A\010751706 | ||
| 005 | 20240728161929.0 | ||
| 010 | _a9785983612143 | ||
| 021 |
_aRU _b2015-25297 _91495 |
||
| 035 | _a(NLR Aleph) 010751706 | ||
| 090 |
_a9943764 _c9943764 |
||
| 100 | _a20150513d2015 u y0rusy50 ca | ||
| 101 | 1 |
_arus _asan _cund |
|
| 102 | _aRU | ||
| 105 | _aac z 000yy | ||
| 200 | 0 |
_aТ. 3 _f[пер.: Динашрая дас и др.] |
|
| 210 | _d2015 | ||
| 215 |
_a230, [1] с. _cил., портр. |
||
| 300 | _aЧасть текста на санскрите | ||
| 461 | 0 |
_1001RU\NLR\BIBL_A\010786999 _12000#$aПроповеди Хранителя преданности$e[фрагменты бесед с Его Божественной Милостью Шрилой Бхакти Ракшаком Шридхаром Дев-Госвами Махараджем, основателем-ачарьей Шри Чайтанья Сарасват Матха$eв 4 т.]$fСвами Шридхар$g[Шри Чаитанья Сарасват Матх]$vТ. 3 _1700#1$aШридхар$bБ. Р.$f1895-1988$gБхакти Ракшак$3RU\NLR\AUTH\779546 _910096480 _aШридхар, Б. Р. (1895-1988) _c[Москва] _d2015 _e[Изд. 2-е, доп.] _fСвами Шридхар _nШри Чайтанья Сарасват Матх _o[фрагменты бесед с Его Божественной Милостью Шрилой Бхакти Ракшаком Шридхаром Дев-Госвами Махараджем, основателем-ачарьей Шри Чайтанья Сарасват Матха : в 4 т.] _tПроповеди Хранителя преданности _vТ. 3 |
|
| 942 | _cBOOK | ||
| 980 | _aNBR | ||